<?xml version="1.0" encoding="UTF-8"?>
<record
    xmlns:xsi="http://www.w3.org/2001/XMLSchema-instance"
    xsi:schemaLocation="http://www.loc.gov/MARC21/slim http://www.loc.gov/standards/marcxml/schema/MARC21slim.xsd"
    xmlns="http://www.loc.gov/MARC21/slim">

  <leader>00906nam a22002297a 4500</leader>
  <controlfield tag="003">OSt</controlfield>
  <controlfield tag="005">20211208131850.0</controlfield>
  <controlfield tag="008">120530t        xxu||||| |||| 00| 0 eng d</controlfield>
  <datafield tag="024" ind1=" " ind2=" ">
    <subfield code="a">1453901091314</subfield>
  </datafield>
  <datafield tag="040" ind1=" " ind2=" ">
    <subfield code="c">LC</subfield>
  </datafield>
  <datafield tag="050" ind1=" " ind2=" ">
    <subfield code="a">HD69.P75.I95</subfield>
  </datafield>
  <datafield tag="245" ind1=" " ind2=" ">
    <subfield code="a">Ivey client project. /</subfield>
    <subfield code="c">Joe Compeau ...[et al.]</subfield>
  </datafield>
  <datafield tag="246" ind1=" " ind2=" ">
    <subfield code="a">BUS 4569 September 2013</subfield>
  </datafield>
  <datafield tag="260" ind1=" " ind2=" ">
    <subfield code="a">London, Ontario:</subfield>
    <subfield code="b">Ivey Business School, </subfield>
    <subfield code="c">2013.</subfield>
  </datafield>
  <datafield tag="300" ind1=" " ind2=" ">
    <subfield code="a">[various pagings].:</subfield>
    <subfield code="b">ill.;</subfield>
  </datafield>
  <datafield tag="490" ind1=" " ind2=" ">
    <subfield code="3">Business case studies</subfield>
  </datafield>
  <datafield tag="505" ind1=" " ind2=" ">
    <subfield code="a">Contents:  Bei capelli (A) -- All problems are local: understanding the situation -- What&#x2019;s the point? Agreeing on the objective -- Size matters: determining the scope -- Appendix B: interviewing to collect data -- techniques are not enough -- ICP primary research approval form --  </subfield>
  </datafield>
  <datafield tag="653" ind1=" " ind2=" ">
    <subfield code="a">Project management</subfield>
  </datafield>
  <datafield tag="700" ind1=" " ind2=" ">
    <subfield code="q">Compeau, Joe</subfield>
  </datafield>
  <datafield tag="710" ind1=" " ind2=" ">
    <subfield code="b">Ivey Business School</subfield>
  </datafield>
  <datafield tag="942" ind1=" " ind2=" ">
    <subfield code="2">lcc</subfield>
    <subfield code="c">BK</subfield>
  </datafield>
  <datafield tag="999" ind1=" " ind2=" ">
    <subfield code="c">8229</subfield>
    <subfield code="d">15729</subfield>
  </datafield>
  <datafield tag="952" ind1=" " ind2=" ">
    <subfield code="0">0</subfield>
    <subfield code="1">0</subfield>
    <subfield code="2">lcc</subfield>
    <subfield code="4">0</subfield>
    <subfield code="7">0</subfield>
    <subfield code="a">WIUC-KL</subfield>
    <subfield code="b">WIUC-KL</subfield>
    <subfield code="c">GEN</subfield>
    <subfield code="d">2019-11-08</subfield>
    <subfield code="h">IVE/Com</subfield>
    <subfield code="o">HD69.P75.I95</subfield>
    <subfield code="p">K/1692/1692/19</subfield>
    <subfield code="r">2021-12-08 00:00:00</subfield>
    <subfield code="w">2021-12-08</subfield>
    <subfield code="y">BK</subfield>
    <subfield code="z">Part of Ivey Collection. Shelved alphabetically by title</subfield>
  </datafield>
</record>
